000 01518nam a22003851i 4500
001 bslw10110376
003 UtOrBLW
005 20240305165701.0
006 m o d
007 cr un ---uuuua
008 231214s2023 ve ob 000 0 spa d
020 _a9789807561204
035 _a42751
040 _aUtOrBLW
_beng
_erda
_cUtOrBLW
043 _as-ve---
050 4 _aKHW530
_b.V37 2023
082 0 4 _a346.018
_223
100 1 _aVarela Cáceres, Edison Lucio,
_eauthor.
245 1 3 _aLa tutela institución de protección de la infancia /
_cEdison Lucio Varela Cáceres ; prólogo, Ramón Alfredo Aguilar Camero ; epílogo, María Candelaria Domínguez Guillén.
264 1 _aCaracas :
_bRevista Venezolana de Legislación y Jurisprudencia, C.A.,
_c2023.
300 _a1 online resource (155 pages)
336 _atext
_btxt
_2rdacontent
337 _acomputer
_bc
_2rdamedia
338 _aonline resource
_bcr
_2rdacarrier
490 0 _aColección Cátedra Dra. María Candelaria Domínguez Guillén ;
_vn.o 4
504 _aIncludes bibliographical references.
650 0 _aGuardian and ward
_zVenezuela.
650 0 _aChildren
_xLegal status, laws, etc.
_zVenezuela.
700 1 _aAguilar Camero, Ramón Alfredo,
_ewriter of foreword.
700 1 _aDomínguez Guillén, María Candelaria,
_ewriter of afterword.
856 4 0 _uhttps://app.vlex.com/#/sources/42751
912 _a1993
_b12/14/2023
_m10110376
_ncha
_cOE
_o000000-1
_g1993
_h12/19/2023
911 _1Vlex
_2Original
942 _cRAA
999 _c173383
_d173383